| 000 | 00787cam a22002531 4500 | ||
|---|---|---|---|
| 001 | 4057665 | ||
| 003 | NUST - PNEC | ||
| 005 | 20170116181109.0 | ||
| 008 | 850423s1962 nyua b 000 0 eng | ||
| 010 | _a 61011653 | ||
| 040 |
_aDLC/ICU _cLIBRARY _dDLC |
||
| 050 | 0 | 0 |
_aQC311 _b.O18 1962 |
| 082 | 0 | 0 | _a536.7 OBE |
| 100 | 1 |
_aObert, Edward F., _d1910-1993. |
|
| 245 | 1 | 0 |
_aElements of thermodynamics and heat transfer _c[by] Edward F. Obert [and] Robert L. Young. |
| 250 | _a2d ed. | ||
| 260 |
_aNew York, _bMcGraw-Hill, _c1962. |
||
| 300 |
_a538 p. _billus. _c24 cm. |
||
| 504 | _aIncludes bibliography. | ||
| 650 |
_xME _912787 _bMechanical engineering |
||
| 700 | 1 |
_aYoung, Robert Lyle, _ejoint author. |
|
| 906 |
_a7 _bcbc _corignew _du _eocip _f19 _gy-gencatlg |
||
| 942 |
_2ddc _cBK |
||
| 999 |
_c69035 _d69035 |
||